Fuel Efficient Cars Quiz Stats

 Plays Quiz not verified by Sporcle

Score 0/32 Timer 03:00
0 Plays Today
% Correct
Toyota Prius
86%
Honda Civic (hybrid)
52%
Honda Accord
42%
Mini Cooper (convertible)
32%
Mini Cooper (automatic)
30%
Mini Cooper (manual)
30%
Toyota Yaris (manual)
26%
Toyota Yaris (automatic)
26%
Volkswagen Golf
26%
Smart Fortwo (convertible)
24%
Smart Fortwo (coupe)
24%
Volkswagen Jetta
24%
Hyundai Elantra Blue
22%
Volkswagen Passat Wagon
22%
Volkswagen Jetta SportWagen (automatic)
22%
Volkswagen Jetta SportWagen (manual)
20%
% Correct
Toyota Tacoma 2WD
20%
Hyundai Sonata
16%
Ford Escape Hybrid FWD
16%
Audi A3
14%
Chevrolet Silverado 15 Hybrid 2WD
14%
Ford Ranger Pickup 2WD
12%
Mazda 5 (manual)
12%
Mazda 5 (automatic)
12%
Mazda MX-5
10%
Chevrolet Express 1500 2WD
10%
Jeep Compass 2WD
8%
GMC Sierra 15 Hybrid 2WD
6%
Mercury Mariner Hybrid FWD
6%
Jeep Patriot 2WD
6%
GMC Savana 1500 2WD
6%
Mazda Tribute Hybrid 2WD
4%

You're not logged in!

Compare scores with friends on all Sporcle quizzes.
OR
Log In

Show Comments

Extras

Top Quizzes Today


Score Distribution

Your Account Isn't Verified!

In order to create a playlist on Sporcle, you need to verify the email address you used during registration. Go to your Sporcle Settings to finish the process.

Report this User

Report this user for behavior that violates our Community Guidelines.

Details: